00262nam a2200109 a 4500008004100000050002000041100002100061245003400082246001800116260000900134350000900143120416s1980 xx |||||||||||||| || u aND 547.5.I4 Hil aHill, Ian Barras10aPainting of the Western world aimpressionism c1980 a0.00